Score 0/100 Timer 05:00
0 Plays Today
Board % Correct
Reviews
100%
Site Wars News
100%
Questions, Concerns, Comments & Suggestions
100%
General Discussion
100%
Issues, Errors and Problems
100%
Music
100%
Resident Evil
100%
Movies & Other Media
100%
Final Fantasy Series
100%
Relationship & Sex
100%
History & Politics
100%
Spam Fest 2009!
100%
Contests, Events, Prize Drawings, etc.
66.7%
Counseling (Member Issues
66.7%
Random Updates
66.7%
Reviews (Discussion)
66.7%
Comics
66.7%
Media News
66.7%
Games
66.7%
The Interwebs
66.7%
The Arts
66.7%
Devil May Cry Series
66.7%
Gears of War Series
66.7%
All Sports Series
66.7%
God of War Series
66.7%
Metal Gear Solid Series
66.7%
Board % Correct
MGO Clan
66.7%
Introduce Yourself
33.3%
Show Off
33.3%
Avatars
33.3%
Fall Out Series
33.3%
Resistance Series
33.3%
Uncharted Series
33.3%
Assassin's Creed
33.3%
Grand Theft Auto Series
33.3%
Fighting Series
33.3%
Pokemon Series
33.3%
Kingdom Hearts Series
33.3%
Star Wars Series
33.3%
Society & Culture
33.3%
Religion & Other Beliefs
33.3%
Consoles
0%
Call of Duty Series
0%
Rock Band and Guitar Hero
0%
Legend of Zelda Series
0%
Halo Series
0%
The Old School Archives
0%
Silent Hill Series
0%
Half Life Series
0%
Combat & Weaponry!
0%
Derailed Topics
0%

You're not logged in!

Compare scores with friends on all Sporcle quizzes.
OR
Log In

Sporcle TV

Today on Sporcle TV


Watch our educational content, quiz creation guides, and fun videos on Sporcle TV.

Show Comments

Extras

Created Sep 29, 2009ReportNominate
Tags:War Quiz, category, site

Top Quizzes Today


Score Distribution

Paid Content

Your Account Isn't Verified!

In order to create a playlist on Sporcle, you need to verify the email address you used during registration. Go to your Sporcle Settings to finish the process.

Report this User

Report this user for behavior that violates our Community Guidelines.

Details: